Historia de la música /
Obra en tres volúmenes que reconstruye la historia de la música occidental, desde las manifestaciones medievales hasta las grandes vanguardias del siglo XX, pasando por el esplendor del barroco, clásico y romántico.
Kaydedildi:
| Yazar: | |
|---|---|
| Diğer Yazarlar: | , |
| Materyal Türü: | Kitap |
| Dil: | İspanyolca |
| Baskı/Yayın Bilgisi: |
Barcelona, España :
Labor,
1965, c1965
|
| Edisyon: | 2a edición |
| Konular: | |
| Etiketler: |
Etiket eklenmemiş, İlk siz ekleyin!
|
MARC
| LEADER | 00000nam^a2200000^a^4500 | ||
|---|---|---|---|
| 001 | 000151966 | ||
| 005 | 20250521000000.0 | ||
| 009 | 20260310100228.051 | ||
| 037 | |a Acervo ITESO - Biblioteca | ||
| 041 | |a ESP | ||
| 082 | |a 784. 9 |b COR | ||
| 100 | |a Corte, A. della |e (autor) | ||
| 245 | 1 | 0 | |a Historia de la música / |c A. della Corte, G. Pannain ; ampliación de J. Subirá ; tr. por Higinio Anglés. |
| 250 | |a 2a edición | ||
| 264 | 4 | |a Barcelona, España : |b Labor, |c 1965, c1965 | |
| 300 | |a 3 v. (1911 p.) | ||
| 336 | |a texto |b txt |2 rdacontenido | ||
| 337 | |a sin mediación |b n |2 rdamedio | ||
| 338 | |a volumen |b nc |2 rdasoporte | ||
| 500 | |a Traducción de: Storia della musica | ||
| 520 | |a Obra en tres volúmenes que reconstruye la historia de la música occidental, desde las manifestaciones medievales hasta las grandes vanguardias del siglo XX, pasando por el esplendor del barroco, clásico y romántico. | ||
| 590 | |a Traducción de la 3a edición en italiano | ||
| 649 | |a XX | ||
| 650 | |a Música - |x Historia y Crítica | ||
| 650 | |a Arte - |x Historia y Crítica | ||
| 700 | |a Pannain, G. |e (autor) | ||
| 700 | |a Subirá, José |e (actualización) | ||
| 910 | |a Fondo General | ||
| 920 | |a Impresos - Libros | ||
| 930 | |a Obras de Referencia | ||
| 905 | |a 102 | ||
| 901 | |a 0500081791 |b IT2 |c REF |u 20250521 | ||
| 901 | |a 0500081794 |b IT2 |c REF |u 20250521 | ||
| 901 | |a 0500081793 |b IT2 |c REF |u 20250521 | ||
| 902 | |a https://opac.biblio.iteso.mx/vufind/Record/000151966 | ||